000 00343nam a2200145Ia 4500
008 230718s9999 xx 000 0 und d
041 _aEng.
082 _a840.3
_bNAZ-P
100 _aNazion. Muhammad Manzas
245 0 _aPellettion Penal Code
260 _aPakistan
_b410 Pablishe213
_c1999
300 _a699
650 _aLaw
999 _c28851
_d28851